000
00339nam a2200145Ia 4500
008
191201s2004 xx 000 0 und d
082
_a
005.74
_b
MAD
100
_a
MAJUMDAR, Arun K
245
0
_a
Database Management Systems
250
_a
15th
260
_a
N.Delhi
_b
TMH
_c
2004
300
_a
475
650
_a
B.Tech(CSE)
942
_2
ddc
_c
BK
999
_c
1352
_d
1352